Statistiques concernant Trouve les paroles - Juste un instant - M.Pokora

Cliquez ici pour prendre le quiz!

Statistiques générales

  • Ce quiz a été pris 25 fois
  • Le résultat moyen est 182 sur 238

Statistiques - réponses

Réponse% Correct
juste
100%
moi
100%
un
100%
à
95%
et
95%
instant
95%
Je
95%
je
95%
la
95%
toi
95%
avec
91%
de
91%
le
91%
veux
91%
chante
86%
que
86%
des
82%
nous
82%
pas
82%
peu
82%
t'entendre
82%
vie
82%
entre
77%
histoire
77%
les
77%
notre
77%
qui
77%
avant
73%
ce
73%
c'est
73%
choses
73%
danse
73%
doigts
73%
du
73%
file
73%
l'or
73%
main
73%
même
73%
Même
73%
monde
73%
ne
73%
rien
73%
s'écrit
73%
tout
73%
y'a
73%
arrête
68%
chanter
68%
donné
68%
maintenant
68%
ni
68%
on
68%
s'en
68%
personne
64%
peut-être
64%
qu'on
64%
s'achètent
64%
temps
64%
aille
59%
années
59%
d'une
59%
montre
59%
rendra
59%
serai
59%
taille
59%
aiguilles
55%
est
55%
volent
55%
donne-moi
50%
ohohoh
50%
oui
50%
passé
50%
mais
45%
plus
45%
tard
45%
demain
41%
l'amour
41%
remet
41%
recoud
23%
oh noon
5%

Distribution des résultats

Percentile par nombre de réponses

% des personnes avec chaque résultat

Votre développement - résultats

Vous n’avez pas pris ce quiz